000
00258nam a2200109Ia 4500
008
200302s9999 xx 000 0 und d
100
_a
Danielle Miller & Other
245
_a
Tropical Minimal
260
_b
Thomes & Hudson.com
260
_c
2006
300
_a
192
999
_c
3406
_d
3406